[Event "IECG RA.2002.0.00008"]
[Site "IECG email"]
[Date "2002.01.01"]
[Round "?"]
[White "Nyholm, Torbjorn"]
[Black "Van Seben, Edgar"]
[Result "1/2-1/2"]
[WhiteElo "2046"]
[BlackElo "2138"]
[PlyCount "89"]
[EventDate "2002.01.01"]
[EventType "tourn (corr)"]
[EventRounds "6"]
[SourceTitle "Corr 2008"]
[Source "ChessBase"]
[SourceDate "2008.06.24"]
[SourceVersion "1"]
[SourceVersionDate "2008.06.24"]
[SourceQuality "1"]

1. e4 Nf6 2. e5 Nd5 3. c4 Nb6 4. d4 d6 5. f4 dxe5 6. fxe5 Nc6 7. Be3 Bf5 8. Nc3 e6 9. Nf3 Bg4 10. Qd2 Qd7 11. c5 Nd5 12. Nxd5 Qxd5 13. Be2 Rd8 14. b4 a6 15. 0-0 f6 16. exf6 gxf6 17. Rac1 Rg8 18. Bc4 Qh5 19. Kh1 Ne7 20. Bf4 c6 21. Qe3 Nd5 22. Bxd5 Qxd5 23. a3 Qh5 24. Nd2 Be7 25. Nc4 Bf5 26. Rf2 Rg4 27. h3 Rh4 28. Kg1 Qg6 29. Rf3 e5 30. Re1 Rxd4 31. Nd6+ Rxd6 32. cxd6 Bxd6 33. Qa7 Rxh3 34. Qa8+ Kf7 35. Bxe5 fxe5 36. Qxb7+ Be7 37. Rxe5 Rxf3 38. Qxe7+ Kg8 39. Qd8+ Kg7 40. Re7+ Kh6 41. Qf8+ Kh5 42. Rg7 Bg4 43. gxf3 Qb1+ 44. Kg2 Qb2+ 45. Kg3 1/2-1/2

[Event "IECG RA.2002.0.00008"]
[Site "IECG email"]
[Date "2002.01.01"]
[Round "?"]
[White "Nyholm, Torbjorn"]
[Black "Wurschner, Miroslav"]
[Result "1/2-1/2"]
[WhiteElo "2046"]
[BlackElo "2142"]
[PlyCount "54"]
[EventDate "2002.01.01"]
[EventType "tourn (corr)"]
[EventRounds "6"]
[SourceTitle "Corr 2008"]
[Source "ChessBase"]
[SourceDate "2008.06.24"]
[SourceVersion "1"]
[SourceVersionDate "2008.06.24"]
[SourceQuality "1"]

1. e4 c5 2. Nc3 Nc6 3. f4 g6 4. Nf3 Bg7 5. Bc4 e6 6. f5 gxf5 7. d3 Nge7 8. 0-0 d5 9. exd5 exd5 10. Bb3 Be6 11. Bf4 Qa5 12. Qe1 c4 13. Ba4 0-0-0 14. Bxc6 Nxc6 15. a4 a6 16. Ne5 Qc5+ 17. Kh1 Rhg8 18. Nxc6 Qxc6 19. Bg3 h5 20. Qf2 Bf6 21. Ne2 d4 22. Nf4 Bg5 23. Nxh5 Be3 24. Qf3 Bd5 25. Qxf5+ Be6 26. Qf3 Bd5 27. Qf5+ Be6 1/2-1/2

[Event "LSS RA-2001-0-00006"]
[Site "LSS email"]
[Date "2001.09.23"]
[Round "1"]
[White "Bendig, Frank"]
[Black "Nyholm, Torbjorn"]
[Result "1-0"]
[WhiteElo "2092"]
[BlackElo "2046"]
[PlyCount "79"]
[EventDate "2001.09.23"]
[EventType "tourn (corr)"]
[EventRounds "6"]
[EventCountry "GER"]
[SourceTitle "Corr 2024"]
[Source "ChessBase"]
[SourceDate "2023.10.19"]
[SourceVersion "1"]
[SourceVersionDate "2023.10.19"]
[SourceQuality "1"]

1. Nf3 d6 2. Nc3 Nf6 3. d4 g6 4. e4 Bg7 5. Be2 0-0 6. 0-0 Bg4 7. Be3 Nc6 8. Qd2 e5 9. d5 Ne7 10. Rad1 Bd7 11. h3 Ne8 12. Nh2 f5 13. f4 fxe4 14. Nxe4 Nf5 15. fxe5 Nxe3 16. Rxf8+ Bxf8 17. Qxe3 dxe5 18. Bg4 Bg7 19. Nc5 Bxg4 20. Nxg4 Nf6 21. Nxf6+ Qxf6 22. Ne6 Qe7 23. Qb3 Rb8 24. d6 cxd6 25. Nd8+ Kh8 26. Nf7+ Kg8 27. Nxd6+ Kh8 28. Nf7+ Kg8 29. Rd7 Qf6 30. Nxe5+ Kh8 31. Nf7+ Kg8 32. Nd8+ Kh8 33. Rd6 Qf4 34. Nf7+ Kg8 35. Rd8+ Bf8 36. Ne5+ Kg7 37. Rd7+ Kh8 38. Nf7+ Kg7 39. Qc3+ Qf6 40. Nd6+ 1-0

[Event "LSS RA-2001-0-00006"]
[Site "LSS email"]
[Date "????.??.??"]
[Round "1"]
[White "Alvebring, Martin"]
[Black "Nyholm, Torbjorn"]
[Result "1/2-1/2"]
[WhiteElo "2175"]
[BlackElo "2046"]
[PlyCount "57"]
[EventDate "2001.09.23"]
[EventType "tourn (corr)"]
[EventRounds "6"]
[EventCountry "GER"]
[SourceTitle "Corr 2024"]
[Source "ChessBase"]
[SourceDate "2023.10.19"]
[SourceVersion "1"]
[SourceVersionDate "2023.10.19"]
[SourceQuality "1"]

1. d4 Nf6 2. c4 c5 3. d5 b5 4. cxb5 a6 5. bxa6 Bxa6 6. Nc3 d6 7. e4 Bxf1 8. Kxf1 g6 9. Nf3 Bg7 10. g3 0-0 11. Kg2 Nbd7 12. h3 Ra6 13. Bg5 Qa8 14. Qc2 e6 15. dxe6 fxe6 16. Rhe1 d5 17. Rad1 d4 18. Nb5 Ne8 19. Qb3 Rf7 20. Bd2 c4 21. Qxc4 Rxf3 22. Bf4 Rc6 23. Qb4 Bf8 24. Qxd4 Rc2 25. Rd2 Bc5 26. Qxd7 Rxf2+ 27. Kh1 Rcxd2 28. Qxe6+ Kh8 29. Bxd2 1/2-1/2